| 000 | 00467nam a2200157 a 4500 | ||
|---|---|---|---|
| 005 | 20141006152909.0 | ||
| 008 | 141006b xxu||||| |||| 00| 0 spa d | ||
| 041 | _aspa | ||
| 090 |
_aIAVH _b00709 |
||
| 100 |
_aColorado Zuluaga, Gabriel Jaime _95029 |
||
| 245 |
_aMonitoreo de rapaces migratorias en Fredonia (Antioquia) _binforme final |
||
| 260 |
_aMedellĂn _bInstituto Alexander von Humboldt _c2004 |
||
| 300 | _a22 p. | ||
| 942 |
_cINFORME _2z |
||
| 945 | _d2007-07-13 | ||
| 999 |
_c5680 _d5680 |
||